[Event "Aguascalientes"]
[Site "Aguascalientes"]
[Date "2009.08.14"]
[Round "2"]
[White "Lopez Ibarra, Ricardo"]
[Black "Salazar Martinez, Sergio"]
[Result "0-1"]
[WhiteElo "1491"]
[BlackElo "1892"]
[PlyCount "94"]
[EventDate "2009.08.14"]
[EventType "tourn"]
[EventRounds "9"]
[EventCountry "MEX"]
[SourceTitle "EXT 2024"]
[Source "ChessBase"]
[SourceDate "2023.10.10"]
[SourceVersion "1"]
[SourceVersionDate "2023.10.10"]
[SourceQuality "1"]

1. d4 d5 2. c4 c6 3. Nc3 Nf6 4. Bg5 e6 5. e3 Nbd7 6. Nf3 Qa5 7. a3 Ne4 8. Bd3 Nxg5 9. Nxg5 dxc4 10. Nxf7 Kxf7 11. Qf3+ Nf6 12. Bxc4 Bb4 13. Rc1 Bxc3+ 14. Rxc3 Rf8 15. 0-0 Kg8 16. Qe2 Kh8 17. b4 Qg5 18. f4 Qh5 19. Qxh5 Nxh5 20. g4 Nf6 21. Bd3 Nd5 22. Rc5 Nxe3 23. Rf3 Nxg4 24. Rh3 Nf6 25. Rh4 h5 26. Rc2 Rd8 27. Rg2 Rxd4 28. Bc2 e5 29. Rf2 e4 30. f5 Bd7 31. Rff4 Re8 32. Kg2 Rd2+ 33. Rf2 Rxf2+ 34. Kxf2 Bxf5 35. Rf4 e3+ 36. Ke2 Bxc2 37. Rf3 Bd3+ 38. Kxd3 e2 39. Re3 Rxe3+ 40. Kxe3 e1Q+ 41. Kd3 Qe4+ 42. Kc3 Nd5+ 43. Kb3 Qd3+ 44. Kb2 Qc3+ 45. Kb1 Ne3 46. b5 Nc4 47. Ka2 Qb2# 0-1